Naši Nemci aj v radoch karpatských Nemcov boli antifašisti, bojovali v odboji a zomierali v Povstaní

Bibliographic Details
Main Author: Getting, Peter, 1975- (Author)
Format: Article
Language:Slovak
PhysicalDescription:Fotogr.
ISSN:1210-4040
Subjects:
Online Access:http://www.pluska.sk/plus-7-dni/domov/nebolo-slovenske-snp-zucastnili-aj-nemecki-antifasisti.html

MARC

LEADER 00000nab a2200000 a 4500
001 vtls010620373
003 SK-MaSNL
005 20260305044129.0
008 180405c2014 xo wrzp 0 0slo
015 |a SNBRB2014/09  |2 rvgkpd 
038 |a RVGKPD 
040 |a RVGKPD  |b slo  |c RVGKPD  |e AACR2 
041 0 |a slo 
044 |a xo  |c SK 
080 |a 94  |x (437.6)  |x "1939/1945"  |2 2001 
080 |a 323.15  |x (=112.2)  |x (437.6)  |2 2001 
100 1 |a Getting, Peter,  |d 1975-  |4 aut  |9 234075 
245 1 0 |a Naši Nemci  |b aj v radoch karpatských Nemcov boli antifašisti, bojovali v odboji a zomierali v Povstaní  |c Peter Getting 
246 3 |a Nebolo len slovenské: SNP sa zúčastnili aj nemeckí antifašisti [elektronický zdroj] 
300 |b Fotogr. 
650 0 7 |a druhá svetová vojna (1939-1945)  |2 rvgkpd  |9 169657 
650 0 7 |a Karpatskí Nemci  |2 rvgkpd  |9 253235 
651 7 |a Slovensko  |x dejiny  |2 rvgkpd  |9 13278 
773 0 |t Plus 7 dní  |g Roč. XXIV, č. 34 (2014), s. 46-48  |x 1210-4040 
852 |a RVGKPD  |b KIS3G 
856 4 1 |u http://www.pluska.sk/plus-7-dni/domov/nebolo-slovenske-snp-zucastnili-aj-nemecki-antifasisti.html 
958 |a SK 
992 |a RBX 
999 |c 3356757  |d 3358687